[Event "OP-2015-0-03899"]
[Site "LSS email"]
[Date "2015.12.17"]
[Round "?"]
[White "Yang, Dong"]
[Black "Vontina, Maria"]
[Result "0-1"]
[WhiteElo "1444"]
[BlackElo "854"]
[PlyCount "86"]
[EventDate "2015.12.12"]
[EventType "tourn (corr)"]
[EventRounds "4"]
[EventCountry "GER"]
[SourceTitle "Corr 2022"]
[Source "ChessBase"]
[SourceDate "2021.10.24"]
[SourceVersion "1"]
[SourceVersionDate "2021.10.24"]
[SourceQuality "1"]

1. e4 e6 2. d4 d5 3. Nc3 Bb4 4. e5 c5 5. a3 Bxc3+ 6. bxc3 Ne7 7. Qg4 Nbc6 8. Qxg7 Rg8 9. Qxh7 cxd4 10. Nf3 dxc3 11. Bg5 Rf8 12. Bd3 Qc7 13. 0-0 Nxe5 14. Nxe5 Qxe5 15. Bxe7 Kxe7 16. Rfe1 Qh8 17. Rab1 Qxh7 18. Bxh7 b6 19. Rb3 d4 20. f4 Bb7 21. f5 Kd6 22. fxe6 fxe6 23. Rb5 Rae8 24. Rbe5 Bc6 25. Bd3 Rf6 26. Bc4 Ba4 27. R5e4 Bxc2 28. Rxd4+ Kc5 29. Rh4 e5 30. Rc1 e4 31. Be2 Ba4 32. Rxc3+ Kd6 33. Rc4 Bb5 34. Rd4+ Kc5 35. Rdxe4 Rxe4 36. Rxe4 Bxe2 37. Rxe2 a5 38. g4 Kd4 39. Kg2 Kd3 40. Ra2 b5 41. h4 b4 42. axb4 axb4 43. Kg3 Kc3 0-1

[Event "SD-2015-0-00244"]
[Site "LSS email"]
[Date "2015.12.16"]
[Round "?"]
[White "Koenig, Michael"]
[Black "Yang, Dong"]
[Result "1-0"]
[WhiteElo "1443"]
[BlackElo "1444"]
[PlyCount "45"]
[EventDate "2015.10.17"]
[EventType "tourn (corr)"]
[EventRounds "6"]
[EventCountry "GER"]
[SourceTitle "Corr 2022"]
[Source "ChessBase"]
[SourceDate "2021.10.24"]
[SourceVersion "1"]
[SourceVersionDate "2021.10.24"]
[SourceQuality "1"]

1. e4 e6 2. d4 d5 3. exd5 exd5 4. c3 Bd6 5. Bd3 Ne7 6. Nf3 Bg4 7. 0-0 Nbc6 8. Na3 a6 9. Nc2 Qd7 10. Re1 0-0-0 11. Ne3 Bh5 12. b4 f6 13. b5 axb5 14. Bxb5 Bxf3 15. Qxf3 Rdf8 16. c4 dxc4 17. d5 g5 18. dxc6 Nxc6 19. Nxc4 h5 20. Rd1 g4 21. Qb3 Rd8 22. Rxd6 cxd6 23. Nb6+ 1-0

[Event "SD-2015-0-00244"]
[Site "LSS email"]
[Date "2015.12.16"]
[Round "?"]
[White "Vio, Mauro"]
[Black "Yang, Dong"]
[Result "1-0"]
[WhiteElo "1422"]
[BlackElo "1444"]
[PlyCount "39"]
[EventDate "2015.10.17"]
[EventType "tourn (corr)"]
[EventRounds "6"]
[EventCountry "GER"]
[SourceTitle "Corr 2022"]
[Source "ChessBase"]
[SourceDate "2021.10.24"]
[SourceVersion "1"]
[SourceVersionDate "2021.10.24"]
[SourceQuality "1"]

1. d4 f5 2. Nc3 Nf6 3. Bg5 e6 4. e4 fxe4 5. Nxe4 Be7 6. Nxf6+ Bxf6 7. Bxf6 Qxf6 8. Qh5+ Qg6 9. Qxg6+ hxg6 10. 0-0-0 d6 11. Nf3 Nd7 12. Re1 Nf6 13. Bc4 d5 14. Bd3 Rh6 15. h4 Bd7 16. Ne5 0-0-0 17. Nf7 Ng4 18. Nxd8 Kxd8 19. Ref1 Ke7 20. Kd2 1-0

[Event "SD-2015-0-00244"]
[Site "LSS email"]
[Date "2015.12.16"]
[Round "?"]
[White "Yang, Dong"]
[Black "Linart, Ludvik"]
[Result "0-1"]
[WhiteElo "1444"]
[BlackElo "1572"]
[PlyCount "42"]
[EventDate "2015.10.17"]
[EventType "tourn (corr)"]
[EventRounds "6"]
[EventCountry "GER"]
[SourceTitle "Corr 2022"]
[Source "ChessBase"]
[SourceDate "2021.10.24"]
[SourceVersion "1"]
[SourceVersionDate "2021.10.24"]
[SourceQuality "1"]

1. e4 e5 2. Nf3 Nc6 3. d4 exd4 4. Nxd4 Nf6 5. Nxc6 bxc6 6. e5 Qe7 7. Qe2 Nd5 8. c4 Ba6 9. Nd2 g6 10. a3 Bg7 11. Nf3 0-0 12. g3 Rae8 13. Bf4 Nxf4 14. gxf4 f6 15. 0-0-0 fxe5 16. fxe5 Qf7 17. Qd3 Qxf3 18. Qxf3 Rxf3 19. Rxd7 Bxe5 20. Rg1 Bc8 21. Rd2 Bf4 0-1

[Event "OP-2015-0-03897"]
[Site "LSS email"]
[Date "2015.12.16"]
[Round "?"]
[White "Yang, Dong"]
[Black "Perez Garcia, Miguel"]
[Result "0-1"]
[WhiteElo "1444"]
[BlackElo "1602"]
[PlyCount "68"]
[EventDate "2015.12.10"]
[EventType "tourn (corr)"]
[EventRounds "4"]
[EventCountry "GER"]
[SourceTitle "Corr 2022"]
[Source "ChessBase"]
[SourceDate "2021.10.24"]
[SourceVersion "1"]
[SourceVersionDate "2021.10.24"]
[SourceQuality "1"]

1. e4 c5 2. Nf3 d6 3. d4 cxd4 4. Nxd4 Nf6 5. Nc3 g6 6. Be2 Bg7 7. Be3 Nc6 8. f3 0-0 9. Qd2 Bd7 10. 0-0-0 Rc8 11. Kb1 Ne5 12. Bh6 Re8 13. h4 Nc4 14. Bxc4 Rxc4 15. Bxg7 Kxg7 16. g4 h5 17. Rdg1 Qb6 18. Nb3 Rec8 19. Qg5 hxg4 20. h5 Nxh5 21. Rxh5 Qxg1+ 22. Nc1 R4c5 23. Nd5 Rxd5 24. Qh6+ Kf6 25. Rxd5 gxf3 26. Qf4+ Kg7 27. Qxf3 Bg4 28. Qf4 Qg2 29. Rd2 Qf3 30. Qg5 Qxe4 31. a3 Bd1 32. Nd3 Bxc2+ 33. Ka2 Bb3+ 34. Ka1 Qh1+ 0-1

[Event "OP-2015-0-03897"]
[Site "LSS email"]
[Date "2015.12.16"]
[Round "?"]
[White "Yang, Dong"]
[Black "Velasco, Jose"]
[Result "0-1"]
[WhiteElo "1444"]
[BlackElo "800"]
[PlyCount "58"]
[EventDate "2015.12.10"]
[EventType "tourn (corr)"]
[EventRounds "4"]
[EventCountry "GER"]
[SourceTitle "Corr 2022"]
[Source "ChessBase"]
[SourceDate "2021.10.24"]
[SourceVersion "1"]
[SourceVersionDate "2021.10.24"]
[SourceQuality "1"]

1. e4 c5 2. Nf3 d6 3. d4 cxd4 4. Nxd4 Nf6 5. Nc3 a6 6. Be2 e5 7. Nb3 Be7 8. 0-0 0-0 9. Be3 Be6 10. f4 exf4 11. Bxf4 Nc6 12. Qe1 d5 13. Rd1 Qb6+ 14. Kh1 d4 15. Qf2 Bxb3 16. axb3 Bc5 17. Na4 d3 18. Nxb6 Bxf2 19. Nxa8 dxe2 20. Nc7 Nxe4 21. Ra1 exf1Q+ 22. Rxf1 Rd8 23. c4 Rd3 24. Nd5 Rxb3 25. Rd1 f6 26. g3 Rxb2 27. Bc7 Bc5 28. Re1 Nf2+ 29. Kg2 Nd3+ 0-1

[Event "RD-2012-0-00066"]
[Site "LSS email"]
[Date "2012.03.10"]
[Round "?"]
[White "Nowak, Andrzej"]
[Black "Yang, Dong"]
[Result "1-0"]
[WhiteElo "1477"]
[BlackElo "1431"]
[PlyCount "77"]
[EventDate "2012.01.09"]
[EventType "tourn (corr)"]
[EventRounds "6"]
[EventCountry "GER"]
[SourceTitle "Corr 2015"]
[Source "ChessBase"]
[SourceDate "2015.07.17"]
[SourceVersion "1"]
[SourceVersionDate "2015.07.17"]
[SourceQuality "1"]

1. f4 Nf6 2. Nf3 e6 3. e3 b6 4. b3 Bb7 5. Bb2 Be7 6. Be2 0-0 7. 0-0 d5 8. Ne5 c5 9. d3 Nc6 10. Nd2 Nxe5 11. Bxe5 Nd7 12. Bb2 f5 13. Nf3 Bf6 14. d4 Rc8 15. c4 Qe8 16. Qd2 Bd8 17. Rad1 Nf6 18. dxc5 bxc5 19. Bd3 Ne4 20. Bxe4 fxe4 21. Ne5 Rf5 22. Qe1 Rc7 23. Qa5 Bc8 24. cxd5 exd5 25. Rxd5 Rd7 26. Qa4 Re7 27. Qxe4 Rf8 28. Ba3 Bb7 29. Bxc5 Bxd5 30. Qxd5+ Kh8 31. Bxe7 Bxe7 32. Qc6 Qh5 33. Qc7 Bb4 34. Qxa7 Qe2 35. Qd4 Bd2 36. Nc4 Bb4 37. a3 Be7 38. Qd1 Qa2 39. Rf2 1-0

[Event "RD-2012-0-00066"]
[Site "LSS email"]
[Date "2012.03.10"]
[Round "?"]
[White "Yang, Dong"]
[Black "Osipov, Aleksandr"]
[Result "0-1"]
[WhiteElo "1431"]
[BlackElo "1573"]
[PlyCount "50"]
[EventDate "2012.01.09"]
[EventType "tourn (corr)"]
[EventRounds "6"]
[EventCountry "GER"]
[SourceTitle "Corr 2015"]
[Source "ChessBase"]
[SourceDate "2015.07.17"]
[SourceVersion "1"]
[SourceVersionDate "2015.07.17"]
[SourceQuality "1"]

1. e4 c5 2. Nc3 Nc6 3. g3 g6 4. Bg2 Bg7 5. d3 Nf6 6. h3 0-0 7. Be3 d6 8. Qd2 Nd4 9. Bh6 Bxh6 10. Qxh6 Nxc2+ 11. Kd2 Nxa1 12. Nf3 c4 13. d4 b5 14. Rxa1 b4 15. Nd5 Bb7 16. Ng5 c3+ 17. bxc3 Bxd5 18. e5 dxe5 19. dxe5 bxc3+ 20. Kc2 Bb3+ 21. Kxb3 Rb8+ 22. Kxc3 Rc8+ 23. Kb3 Qb6+ 24. Ka4 Rc4+ 25. Ka3 Qb4# 0-1

[Event "WC-2015-P-00015"]
[Site "LSS email"]
[Date "2011.02.20"]
[Round "?"]
[White "Yang, Dong"]
[Black "Zakharov, Oleg Yu"]
[Result "0-1"]
[WhiteElo "1531"]
[BlackElo "2259"]
[PlyCount "48"]
[EventDate "2011.02.24"]
[EventType "tourn (corr)"]
[EventRounds "6"]
[EventCountry "GER"]
[SourceTitle "Corr 2022"]
[Source "ChessBase"]
[SourceDate "2021.10.24"]
[SourceVersion "1"]
[SourceVersionDate "2021.10.24"]
[SourceQuality "1"]

1. e4 c5 2. Nf3 d6 3. d4 cxd4 4. Nxd4 Nf6 5. Nc3 a6 6. Be2 e5 7. Nb3 Be7 8. f4 0-0 9. 0-0 Nbd7 10. Kh1 b5 11. Bf3 Bb7 12. Nd5 Bxd5 13. exd5 e4 14. Be2 Nb6 15. c3 Nfxd5 16. f5 Bf6 17. Nd4 Qc7 18. Bd2 b4 19. Rc1 bxc3 20. bxc3 Nc4 21. Bxc4 Qxc4 22. Qb3 Rac8 23. Rfe1 e3 24. Bxe3 Nxe3 0-1

[Event "CP-2010-P-00060"]
[Site "LSS email"]
[Date "2010.09.28"]
[Round "?"]
[White "Khokhlov, Igor I"]
[Black "Yang, Dong"]
[Result "1-0"]
[WhiteElo "2131"]
[BlackElo "1486"]
[PlyCount "71"]
[EventDate "2010.10.01"]
[EventType "tourn (corr)"]
[EventRounds "6"]
[EventCountry "GER"]
[SourceTitle "Telechess CBM 151"]
[Source "ChessBase"]
[SourceDate "2012.11.13"]
[SourceVersion "1"]
[SourceVersionDate "2012.11.13"]
[SourceQuality "1"]

1. e4 e6 2. d4 d5 3. Nc3 Bb4 4. e5 c5 5. a3 Bxc3+ 6. bxc3 Nc6 7. Qg4 Nge7 8. Qxg7 Rg8 9. Qxh7 cxd4 10. f4 Qa5 11. Rb1 Qxc3+ 12. Kf2 Rg7 13. Qd3 Qa5 14. h4 Nf5 15. Rh3 f6 16. exf6 Rf7 17. Nf3 Rxf6 18. g4 Nd6 19. Kg1 Bd7 20. Nxd4 0-0-0 21. Nxc6 Bxc6 22. Qc3 Qxc3 23. Rxc3 Rf7 24. Rh3 Rg8 25. g5 Nf5 26. h5 Rh7 27. Bb2 Kd7 28. Bd3 Rf7 29. Be5 Rh7 30. Kf2 a6 31. c4 dxc4 32. Bxc4 b5 33. Rd1+ Ke7 34. Ba2 Rc8 35. Bf6+ Kf7 36. Bc3 1-0

[Event "CP-2010-P-00060"]
[Site "LSS email"]
[Date "2010.09.28"]
[Round "?"]
[White "Pivirotto, Filiberto"]
[Black "Yang, Dong"]
[Result "1/2-1/2"]
[WhiteElo "1536"]
[BlackElo "1486"]
[PlyCount "63"]
[EventDate "2010.10.01"]
[EventType "tourn (corr)"]
[EventRounds "6"]
[EventCountry "GER"]
[SourceTitle "Telechess CBM 151"]
[Source "ChessBase"]
[SourceDate "2012.11.13"]
[SourceVersion "1"]
[SourceVersionDate "2012.11.13"]
[SourceQuality "1"]

1. b3 Nf6 2. Bb2 e6 3. e3 d5 4. Nf3 Bd6 5. Be2 0-0 6. 0-0 Nbd7 7. c4 b6 8. h3 Bb7 9. d3 c5 10. Nc3 a6 11. cxd5 exd5 12. d4 Rc8 13. dxc5 bxc5 14. Qd2 Re8 15. Rfd1 Qc7 16. Qc2 Ne5 17. Rac1 d4 18. exd4 Nxf3+ 19. Bxf3 Bxf3 20. gxf3 Qd7 21. Kg2 Nh5 22. Nd5 Re6 23. Ne3 Nf4+ 24. Kf1 Ree8 25. Qf5 Qc6 26. Qg4 Qb5+ 27. Nc4 h5 28. Qg3 Re6 29. dxc5 Rg6 30. Qh4 Bc7 31. Rd4 Re8 32. Rcd1 1/2-1/2

[Event "LSS No Engine Cup 25 Preliminary 2"]
[Site "LSS email"]
[Date "2010.07.22"]
[Round "?"]
[White "Goepfert, Christian"]
[Black "Yang, Dong"]
[Result "0-1"]
[WhiteElo "628"]
[BlackElo "1447"]
[PlyCount "34"]
[EventDate "2010.07.23"]
[EventType "tourn (corr)"]
[EventRounds "6"]
[EventCountry "GER"]
[SourceTitle "Corr 2015"]
[Source "ChessBase"]
[SourceDate "2015.07.17"]
[SourceVersion "1"]
[SourceVersionDate "2015.07.17"]
[SourceQuality "1"]

1. e4 c5 2. Nf3 g6 3. Nc3 Bg7 4. d4 cxd4 5. Nxd4 Nc6 6. Be3 Nf6 7. Bc4 0-0 8. 0-0 d6 9. b3 Ne5 10. f4 Nxc4 11. bxc4 Ng4 12. Qd2 Nxe3 13. Qxe3 Qb6 14. Ncb5 a6 15. Nf5 Qxe3+ 16. Nxe3 axb5 17. cxb5 Bxa1 0-1

[Event "LSS No Engine Cup 25 Preliminary 2"]
[Site "LSS email"]
[Date "2010.07.22"]
[Round "?"]
[White "Yang, Dong"]
[Black "Fernandez, German"]
[Result "1-0"]
[WhiteElo "1462"]
[BlackElo "866"]
[PlyCount "67"]
[EventDate "2010.07.23"]
[EventType "tourn (corr)"]
[EventRounds "6"]
[EventCountry "GER"]
[SourceTitle "Telechess CBM 143"]
[Source "ChessBase"]
[SourceDate "2011.07.15"]
[SourceVersion "1"]
[SourceVersionDate "2011.07.15"]
[SourceQuality "1"]

1. e4 e5 2. Nf3 Nf6 3. Nc3 Nc6 4. Bc4 Bc5 5. 0-0 0-0 6. d3 h6 7. a3 Nd4 8. Nxe5 d6 9. Ng6 Be6 10. Bxe6 fxe6 11. Nxf8 Qxf8 12. Be3 e5 13. Ne2 Nxe2+ 14. Qxe2 b6 15. b4 Bxe3 16. fxe3 Qc8 17. Qf3 Qe6 18. Qf5 Kf7 19. c3 a5 20. d4 Re8 21. bxa5 bxa5 22. Rab1 exd4 23. exd4 Qxe4 24. Qxe4 Rxe4 25. Rb7 Re8 26. Rxc7+ Re7 27. Rxe7+ Kxe7 28. Rb1 Ne4 29. c4 Nd2 30. Rb7+ Kf6 31. c5 Ke6 32. Rxg7 dxc5 33. dxc5 Kd5 34. Rd7+ 1-0

[Event "LSS No Engine Cup 25 Preliminary 2"]
[Site "LSS email"]
[Date "2010.07.22"]
[Round "?"]
[White "Yang, Dong"]
[Black "Laine, Jari"]
[Result "0-1"]
[WhiteElo "1447"]
[BlackElo "1604"]
[PlyCount "82"]
[EventDate "2010.07.23"]
[EventType "tourn (corr)"]
[EventRounds "6"]
[EventCountry "GER"]
[SourceTitle "Telechess CBM 145"]
[Source "Chessbase"]
[SourceDate "2011.11.11"]
[SourceVersion "1"]
[SourceVersionDate "2011.11.11"]
[SourceQuality "1"]

1. e4 e5 2. Nf3 Nc6 3. Bb5 Bc5 4. 0-0 d6 5. d3 Nf6 6. h3 0-0 7. Bg5 h6 8. Bh4 a6 9. Ba4 g5 10. Bg3 Kg7 11. Nc3 Bd7 12. Bb3 Nd4 13. Nxd4 Bxd4 14. Qd2 a5 15. a4 c6 16. Rab1 Qc7 17. Ne2 Ba7 18. Kh1 Qb6 19. h4 Kg6 20. f4 gxf4 21. Nxf4+ exf4 22. Qxf4 Qd4 23. Be1 Nh5 24. Qf3 f5 25. Bc3 Qe3 26. Kh2 Qxf3 27. Rxf3 f4 28. Bxa5 Bg4 29. Rff1 Be3 30. Bc7 Bc5 31. Bc4 Ng3 32. Rxf4 Rxf4 33. Kxg3 Raf8 34. d4 Bxd4 35. Bxd6 Bf2+ 36. Kh2 Bxh4 37. Bd3 Rf2 38. Bxf8 Rxf8 39. a5 Bd8 40. a6 bxa6 41. Bxa6 Kg5 0-1

[Event "LSS RD-2009-0-00031"]
[Site "LSS email"]
[Date "2010.05.20"]
[Round "?"]
[White "Kappel, Ray D"]
[Black "Yang, Dong"]
[Result "1-0"]
[WhiteElo "1567"]
[BlackElo "1454"]
[PlyCount "103"]
[EventDate "2009.10.31"]
[EventType "tourn (corr)"]
[EventRounds "6"]
[EventCountry "GER"]
[SourceTitle "Telechess CBM 141"]
[Source "ChessBase"]
[SourceDate "2011.03.17"]
[SourceVersion "1"]
[SourceVersionDate "2011.03.17"]
[SourceQuality "1"]

1. b4 e5 2. Bb2 Bxb4 3. Bxe5 Nf6 4. Nf3 Nc6 5. Bb2 d5 6. e3 0-0 7. Be2 Bf5 8. 0-0 h6 9. c4 dxc4 10. Bxc4 a6 11. d4 Qd6 12. a3 Ba5 13. Nc3 Rad8 14. Bd3 Bxd3 15. Qxd3 Rfe8 16. Qc2 Bxc3 17. Bxc3 Re6 18. Rfc1 Ne4 19. Nd2 Qd5 20. Nxe4 Qxe4 21. Qxe4 Rxe4 22. Rab1 b6 23. Be1 Re6 24. Rc3 f5 25. Rbc1 Ne7 26. Rxc7 f4 27. Bd2 Nd5 28. R7c6 Rde8 29. Rxe6 Rxe6 30. Re1 fxe3 31. fxe3 Nf6 32. Kf2 Ne4+ 33. Ke2 Rg6 34. g3 Rf6 35. Rd1 Rf2+ 36. Kd3 Nf6 37. h4 Rf3 38. Rc1 Rxg3 39. Rc6 Nd5 40. Rd6 Nf4+ 41. Ke4 Ng2 42. h5 b5 43. Rxa6 Rg4+ 44. Kd5 Nh4 45. e4 Nf3 46. Bb4 Rg5+ 47. e5 Rxh5 48. Rb6 Ng1 49. Rxb5 Ne2 50. Rb8+ Kh7 51. a4 Rh4 52. e6 1-0

[Event "LSS RD-2009-0-00031"]
[Site "LSS email"]
[Date "2010.05.20"]
[Round "?"]
[White "Kawagoe, Toshiji"]
[Black "Yang, Dong"]
[Result "1-0"]
[WhiteElo "1430"]
[BlackElo "1480"]
[PlyCount "103"]
[EventDate "2009.10.31"]
[EventType "tourn (corr)"]
[EventRounds "6"]
[EventCountry "GER"]
[SourceTitle "Telechess CBM 141"]
[Source "ChessBase"]
[SourceDate "2011.03.17"]
[SourceVersion "1"]
[SourceVersionDate "2011.03.17"]
[SourceQuality "1"]

1. e4 c5 2. d4 cxd4 3. c3 g6 4. cxd4 d5 5. e5 Bg7 6. Nc3 Nc6 7. Bb5 f6 8. exf6 exf6 9. Nge2 Be6 10. 0-0 Nge7 11. Nf4 Bf7 12. Qe2 0-0 13. Ne6 Bxe6 14. Qxe6+ Rf7 15. Rd1 f5 16. Ne2 Qb6 17. Ba4 Bf6 18. Bh6 Rd8 19. Rac1 Qxb2 20. Rb1 Qxa2 21. Bxc6 bxc6 22. Nf4 Qa6 23. Re1 Qc8 24. Qe3 Re8 25. Nd3 Qa6 26. Nc5 Qc8 27. Bf4 Ref8 28. h4 a5 29. Rb7 Qa8 30. Reb1 Qe8 31. Bh6 f4 32. Qe6 Nf5 33. Bxf8 Qxe6 34. Nxe6 Rxf8 35. Nxf8 Kxf8 36. Rxh7 Bg7 37. Rb8+ Kf7 38. Rc8 a4 39. h5 gxh5 40. Rxc6 f3 41. Ra6 h4 42. Rh5 Nxd4 43. Rxd5 Ne2+ 44. Kh2 fxg2 45. Rd7+ Kg8 46. Kxg2 Nf4+ 47. Kf3 Nh5 48. Rxg7+ Kxg7 49. Rxa4 h3 50. Rh4 Nf6 51. Rxh3 Nd5 52. Ke4 1-0

[Event "LSS BI-2010-P-00034"]
[Site "LSS email"]
[Date "2010.04.19"]
[Round "?"]
[White "Yang, Dong"]
[Black "Nita, Catalin"]
[Result "0-1"]
[WhiteElo "1464"]
[BlackElo "1417"]
[PlyCount "68"]
[EventDate "2010.04.22"]
[EventType "tourn (corr)"]
[EventRounds "10"]
[EventCountry "GER"]
[SourceTitle "Telechess CBM 141"]
[Source "ChessBase"]
[SourceDate "2011.03.17"]
[SourceVersion "1"]
[SourceVersionDate "2011.03.17"]
[SourceQuality "1"]

1. e4 c5 2. Nf3 Nc6 3. d4 cxd4 4. Nxd4 Nf6 5. Nc3 e5 6. Ndb5 d6 7. Bg5 a6 8. Bxf6 gxf6 9. Na3 b5 10. Nd5 f5 11. Bd3 Be6 12. 0-0 Bxd5 13. exd5 Ne7 14. Nxb5 Bg7 15. Nc3 e4 16. Be2 Qa5 17. Rb1 Bxc3 18. bxc3 Qxc3 19. Rb3 Qe5 20. Bc4 f4 21. Qa1 Ng6 22. Qxe5+ Nxe5 23. Bxa6 Rg8 24. Rfb1 h5 25. Rb7 Kf8 26. R1b6 h4 27. Rxd6 f3 28. g3 e3 29. Rb1 e2 30. Rh6 Rd8 31. Bb7 Rb8 32. Rhb6 hxg3 33. hxg3 Rxg3+ 34. fxg3 Ng4 0-1

[Event "LSS BI-2010-P-00034"]
[Site "LSS email"]
[Date "2010.04.19"]
[Round "?"]
[White "Yang, Dong"]
[Black "Spanton, Timothy"]
[Result "0-1"]
[WhiteElo "1486"]
[BlackElo "2148"]
[PlyCount "82"]
[EventDate "2010.04.22"]
[EventType "tourn (corr)"]
[EventRounds "10"]
[EventCountry "GER"]
[SourceTitle "Telechess CBM 145"]
[Source "Chessbase"]
[SourceDate "2011.11.11"]
[SourceVersion "1"]
[SourceVersionDate "2011.11.11"]
[SourceQuality "1"]

1. e4 e6 2. d4 d5 3. Nc3 Bb4 4. e5 c5 5. Bd2 Nh6 6. Nb5 Bxd2+ 7. Qxd2 0-0 8. f4 a6 9. Nd6 cxd4 10. Nf3 f6 11. Bd3 Nc6 12. 0-0 Ng4 13. Qe2 Ne3 14. Rf2 fxe5 15. fxe5 Ng4 16. Ng5 Qxg5 17. Bxh7+ Kxh7 18. Rxf8 Ncxe5 19. Raf1 Ng6 20. Re8 e5 21. g3 e4 22. Nxc8 Nf6 23. Rd8 Nh4 24. Rf4 Nf3+ 25. Rxf3 exf3 26. Qxf3 a5 27. Qd3+ Ne4 28. Rxd5 Qxd5 29. Nb6 Qf5 30. Nxa8 Qf2+ 31. Kh1 g6 32. g4 Ng5 33. Qg3 Qf1+ 34. Qg1 Qf3+ 35. Qg2 Qd1+ 36. Qg1 Qxc2 37. Qg3 Qe4+ 38. Kg1 d3 39. Qh4+ Kg7 40. Qxg5 Qe1+ 41. Kg2 d2 0-1

[Event "LSS SE-2010-0-00045"]
[Site "LSS email"]
[Date "2010.04.12"]
[Round "?"]
[White "Stoelzel, Werner"]
[Black "Yang, Dong"]
[Result "0-1"]
[WhiteElo "1312"]
[BlackElo "1486"]
[PlyCount "60"]
[EventDate "2010.02.23"]
[EventType "tourn (corr)"]
[EventRounds "6"]
[EventCountry "GER"]
[SourceTitle "Telechess CBM 141"]
[Source "ChessBase"]
[SourceDate "2011.03.17"]
[SourceVersion "1"]
[SourceVersionDate "2011.03.17"]
[SourceQuality "1"]

1. e4 e6 2. d4 d5 3. Nc3 Bb4 4. e5 c5 5. a3 Bxc3+ 6. bxc3 Ne7 7. Qg4 Qc7 8. Qxg7 Rg8 9. Qxh7 cxd4 10. Kd1 Nd7 11. Be2 Qxc3 12. Ra2 Nxe5 13. Nf3 d3 14. Bxd3 Nxf3 15. gxf3 Qf6 16. Be2 Bd7 17. c4 dxc4 18. Ke1 Qc3+ 19. Bd2 Qb3 20. Qc2 Nf5 21. Qxc4 Qxc4 22. Bxc4 Bc6 23. Bc3 Bxf3 24. Rf1 Rc8 25. Bb5+ Ke7 26. Rc2 Nd4 27. Bb4+ Kf6 28. Rc3 Bh5 29. Bd7 Rcd8 30. Ba4 Nf3+ 0-1

[Event "LSS RC-2010-0-00041"]
[Site "LSS email"]
[Date "2010.03.17"]
[Round "?"]
[White "Yang, Dong"]
[Black "Van Esbroeck, Jeff"]
[Result "1/2-1/2"]
[WhiteElo "1396"]
[BlackElo "1629"]
[PlyCount "51"]
[EventDate "2010.02.20"]
[EventType "tourn (corr)"]
[EventRounds "6"]
[EventCountry "GER"]
[SourceTitle "Corr 2013"]
[Source "ChessBase"]
[SourceDate "2012.11.12"]
[SourceVersion "1"]
[SourceVersionDate "2012.11.12"]
[SourceQuality "1"]

1. e4 e5 2. Nf3 Nc6 3. Bb5 Nf6 4. Nc3 Bc5 5. 0-0 0-0 6. d3 d6 7. Bg5 a6 8. Bxc6 bxc6 9. d4 exd4 10. Nxd4 Bg4 11. Qd2 Bd7 12. a3 Re8 13. Rfe1 h6 14. Bh4 a5 15. Nf5 Re5 16. Qf4 Bxf5 17. exf5 Rxe1+ 18. Rxe1 d5 19. g3 Qd6 20. Qxd6 Bxd6 21. Bxf6 gxf6 22. Kg2 Rb8 23. Na4 Kg7 24. f4 c5 25. Rd1 c6 26. b3 1/2-1/2

[Event "LSS RC-2010-0-00041"]
[Site "LSS email"]
[Date "2010.03.16"]
[Round "?"]
[White "Laczay, Istvan"]
[Black "Yang, Dong"]
[Result "1-0"]
[WhiteElo "1764"]
[BlackElo "1389"]
[PlyCount "79"]
[EventDate "2010.02.20"]
[EventType "tourn (corr)"]
[EventRounds "6"]
[EventCountry "GER"]
[SourceTitle "Corr 2013"]
[Source "ChessBase"]
[SourceDate "2012.11.12"]
[SourceVersion "1"]
[SourceVersionDate "2012.11.12"]
[SourceQuality "1"]

1. d4 Nf6 2. c4 c5 3. d5 g6 4. Nc3 Bg7 5. e4 0-0 6. Nf3 Na6 7. Be2 d6 8. 0-0 Qb6 9. a3 Bd7 10. e5 Ne8 11. Bg5 f6 12. e6 fxg5 13. exd7 Qxb2 14. dxe8Q Raxe8 15. Nb5 Qxa1 16. Qxa1 Bxa1 17. Rxa1 h6 18. Re1 Nb8 19. h4 g4 20. Nd2 Nd7 21. Bxg4 Ne5 22. Be2 a6 23. Nc7 Rb8 24. Ne6 Rfc8 25. a4 Nd7 26. f4 Nf6 27. g4 h5 28. g5 Ng4 29. Bd3 Kf7 30. f5 Ne5 31. fxg6+ Kg8 32. Rxe5 dxe5 33. Kf2 b5 34. cxb5 axb5 35. axb5 Ra8 36. Nc4 Ra4 37. Nxe5 Rxh4 38. Nc6 Re8 39. g7 Ra8 40. g6 1-0

[Event "LSS RC-2010-0-00041"]
[Site "LSS email"]
[Date "2010.03.16"]
[Round "?"]
[White "Yang, Dong"]
[Black "Sherwood, Russell"]
[Result "1/2-1/2"]
[WhiteElo "1454"]
[BlackElo "1678"]
[PlyCount "106"]
[EventDate "2010.02.20"]
[EventType "tourn (corr)"]
[EventRounds "6"]
[EventCountry "GER"]
[SourceTitle "Telechess CBM 147"]
[Source "ChessBase"]
[SourceDate "2012.03.16"]
[SourceVersion "1"]
[SourceVersionDate "2012.03.16"]
[SourceQuality "1"]

1. e4 c5 2. Nc3 Nc6 3. f4 g6 4. Nf3 Bg7 5. Bb5 Nd4 6. 0-0 Nxb5 7. Nxb5 d6 8. d3 a6 9. Nc3 Nf6 10. Qe1 0-0 11. Qh4 b5 12. f5 b4 13. Ne2 Nh5 14. Bg5 Re8 15. Rab1 Qd7 16. Nd2 Qa4 17. Rfc1 Ra7 18. Nc4 Qd7 19. Rf1 Bb7 20. Ng3 Nxg3 21. Qxg3 d5 22. exd5 Bxd5 23. Nb6 Qc6 24. Nxd5 Qxd5 25. Be3 Rd7 26. Qh3 Bd4 27. Bxd4 Qxd4+ 28. Kh1 Rd6 29. b3 Rf6 30. fxg6 hxg6 31. g3 Rd8 32. Rbe1 Rxf1+ 33. Rxf1 Kg7 34. Qg2 Rd5 35. Rf4 Qe5 36. Qd2 Qa1+ 37. Kg2 Qxa2 38. Qf2 f6 39. Re4 e5 40. Rc4 Qa5 41. Qf3 Qd8 42. h4 Qd7 43. h5 gxh5 44. Qxh5 e4 45. Qh4 Rd4 46. Rxd4 Qxd4 47. Qg4+ Kf7 48. dxe4 c4 49. bxc4 Qxc4 50. Qd7+ Kg6 51. Qf5+ Kg7 52. Qd7+ Qf7 53. Qg4+ Kf8 1/2-1/2

[Event "ZI-2010-0-00628"]
[Site "LSS email"]
[Date "2010.01.22"]
[Round "?"]
[White "Vio, Mauro"]
[Black "Yang, Dong"]
[Result "1-0"]
[WhiteElo "1656"]
[BlackElo "1600"]
[PlyCount "67"]
[EventDate "2010.01.10"]
[EventType "match (corr)"]
[EventRounds "2"]
[EventCountry "GER"]
[SourceTitle "Corr 2013"]
[Source "ChessBase"]
[SourceDate "2012.11.12"]
[SourceVersion "1"]
[SourceVersionDate "2012.11.12"]
[SourceQuality "1"]

1. d4 Nf6 2. Nf3 e6 3. Bg5 h6 4. Bxf6 Qxf6 5. e4 d5 6. Nc3 c6 7. Bd3 Bb4 8. 0-0 0-0 9. Qd2 Nd7 10. Nxd5 exd5 11. Qxb4 dxe4 12. Bxe4 Nb6 13. Bh7+ Kxh7 14. Qxf8 Bh3 15. Qa3 Bg4 16. Ne5 Be6 17. Rfe1 Nd5 18. c4 Nf4 19. Qf3 Qg5 20. h4 Qf6 21. Rad1 Rd8 22. Re4 Ng6 23. Qxf6 gxf6 24. Nxg6 Kxg6 25. d5 b5 26. Red4 cxd5 27. cxd5 Bd7 28. Re1 f5 29. d6 a6 30. b4 Be6 31. a3 f4 32. f3 h5 33. Kf2 Rd7 34. Re5 1-0